Maryland's 1st Congressional District Reps by Picture - Statistics

General Stats
  • This quiz has been taken 3 times
    2 since last reset
  • The average score is 6 of 36
Answer Stats
Picture Hint Answer % Correct
1841-1843 Isaac Dashiell Jones
100%
1899-1900 John Walter Smith
100%
1905-1907 Thomas Alexander Smith
100%
1959-1963 Thomas Francis Johnson
100%
2011-Present Andy Harris
50%
1981-1991 Roy Dyson
50%
1991-2009 Wayne Gilchrest
50%
1901-1905 | 1907-1909 William Humphreys Jackson
50%
1885-1891 Charles Hopper Gibson
0%
1825-1831 Clement Dorsey
0%
1945-1947 Dudley Roe
0%
1947-1959 Edward Tylor Miller
0%
1873-1875 Ephraim King Wilson II
0%
2009-2011 Frank Kratovil
0%
1891-1892 Henry Page
0%
1865-1869 Hiram McCullough
0%
1897-1899 Isaac A. Barber
0%
1855-1861 James Augustus Stewart
0%
1914-1919 Jesse Price
0%
1909-1914 J. Harry Covington
0%
1801-1811 John Campbell
0%
1863-1865 John Creswell
0%
1845-1849 John G. Chapman
0%
1861-1863 John W. Crisfield
0%
1895-1897 Joshua Weldon Miles
0%
1900-1901 Josiah Kerr
0%
1875-1877 Philip Francis Thomas
0%
1791-1793 Philip Key
0%
1811-1819 Philip Stuart
0%
1849-1853 Richard Bowie
0%
1973-1981 Robert Bauman
0%
1963-1971 Rogers Morton
0%
1921-1939 Thomas Alan Goldsborough
0%
1919-1921 William N. Andrews
0%
1971-1973 William Oswald Mills
0%
1894-1895 Winder Laird Henry
0%
No matching quizzes found
Score Distribution
Percent of People with Each Score
Percentile by Number Answered
Your Score History
You have not taken this quiz since the last reset